000 00689nam a2200145Ia 4500
008 140724s9999 xx 000 0 und d
050 _aLB 1027.5
_b.B263 2010
100 _aBarnuevo, Abigail P.
245 _aDisparity on the level of social skills of children with special needs attending a special school ( Anima Christi for Learning and Human Development) and children with special needs in a residential placement program (Sta. Belina Learning Center) /
_cAbigail P. Barnuevo.
260 _aLas PiƱas, Philippines :
_bSouthville International School and Colleges,
_cc2010.
300 _a46 p. :
_bcol. Ill. ;
_c28 cm.
521 _aSpecial Education
942 _cTH
999 _c229086
_d229086